<?xml version="1.0" encoding="UTF-8"?>
<record
    xmlns:xsi="http://www.w3.org/2001/XMLSchema-instance"
    xsi:schemaLocation="http://www.loc.gov/MARC21/slim http://www.loc.gov/standards/marcxml/schema/MARC21slim.xsd"
    xmlns="http://www.loc.gov/MARC21/slim">

  <leader>     nam a22     7a 4500</leader>
  <datafield tag="999" ind1=" " ind2=" ">
    <subfield code="c">43772</subfield>
    <subfield code="d">43772</subfield>
  </datafield>
  <controlfield tag="003">OSt</controlfield>
  <controlfield tag="005">20180220143247.0</controlfield>
  <controlfield tag="008">180220b        xxu||||| |||| 00| 0 eng d</controlfield>
  <datafield tag="040" ind1=" " ind2=" ">
    <subfield code="c">IIMT</subfield>
  </datafield>
  <datafield tag="100" ind1=" " ind2=" ">
    <subfield code="a">LAXMIKANTH,M</subfield>
  </datafield>
  <datafield tag="245" ind1=" " ind2=" ">
    <subfield code="a">PUBLIC ADMINISTRATION</subfield>
  </datafield>
  <datafield tag="260" ind1=" " ind2=" ">
    <subfield code="a">CHENNAI</subfield>
    <subfield code="b">MCGRAW HILL EDUCATION (INDIA) PRIVATE LIMITED</subfield>
    <subfield code="c">2017</subfield>
  </datafield>
  <datafield tag="300" ind1=" " ind2=" ">
    <subfield code="a">982</subfield>
  </datafield>
  <datafield tag="942" ind1=" " ind2=" ">
    <subfield code="2">ddc</subfield>
    <subfield code="c">02</subfield>
  </datafield>
  <datafield tag="952" ind1=" " ind2=" ">
    <subfield code="0">0</subfield>
    <subfield code="1">0</subfield>
    <subfield code="2">ddc</subfield>
    <subfield code="4">0</subfield>
    <subfield code="7">0</subfield>
    <subfield code="a">11</subfield>
    <subfield code="b">11</subfield>
    <subfield code="d">2018-02-20</subfield>
    <subfield code="e">BANSAL BOOK DISTRIBUTOR GHAZIABAD</subfield>
    <subfield code="g">725.00</subfield>
    <subfield code="l">0</subfield>
    <subfield code="p">11-B-4343</subfield>
    <subfield code="r">2018-02-20</subfield>
    <subfield code="w">2018-02-20</subfield>
    <subfield code="y">02</subfield>
  </datafield>
  <datafield tag="952" ind1=" " ind2=" ">
    <subfield code="0">0</subfield>
    <subfield code="1">0</subfield>
    <subfield code="2">ddc</subfield>
    <subfield code="4">0</subfield>
    <subfield code="7">0</subfield>
    <subfield code="a">11</subfield>
    <subfield code="b">11</subfield>
    <subfield code="d">2018-02-20</subfield>
    <subfield code="e">BANSAL BOOK DISTRIBUTOR GHAZIABAD</subfield>
    <subfield code="g">725.00</subfield>
    <subfield code="l">1</subfield>
    <subfield code="p">11-B-4344</subfield>
    <subfield code="r">2019-01-03</subfield>
    <subfield code="s">2018-09-24</subfield>
    <subfield code="w">2018-02-20</subfield>
    <subfield code="y">02</subfield>
  </datafield>
  <datafield tag="952" ind1=" " ind2=" ">
    <subfield code="0">0</subfield>
    <subfield code="1">0</subfield>
    <subfield code="2">ddc</subfield>
    <subfield code="4">0</subfield>
    <subfield code="7">0</subfield>
    <subfield code="a">11</subfield>
    <subfield code="b">11</subfield>
    <subfield code="d">2018-02-20</subfield>
    <subfield code="e">BANSAL BOOK DISTRIBUTOR GHAZIABAD</subfield>
    <subfield code="g">725.00</subfield>
    <subfield code="l">1</subfield>
    <subfield code="p">11-B-4345</subfield>
    <subfield code="r">2019-11-14</subfield>
    <subfield code="s">2019-11-05</subfield>
    <subfield code="w">2018-02-20</subfield>
    <subfield code="y">02</subfield>
  </datafield>
  <datafield tag="952" ind1=" " ind2=" ">
    <subfield code="0">0</subfield>
    <subfield code="1">0</subfield>
    <subfield code="2">ddc</subfield>
    <subfield code="4">0</subfield>
    <subfield code="7">0</subfield>
    <subfield code="a">11</subfield>
    <subfield code="b">11</subfield>
    <subfield code="d">2018-02-20</subfield>
    <subfield code="e">BANSAL BOOK DISTRIBUTOR GHAZIABAD</subfield>
    <subfield code="g">725.00</subfield>
    <subfield code="l">3</subfield>
    <subfield code="p">11-B-4346</subfield>
    <subfield code="r">2023-08-23</subfield>
    <subfield code="s">2023-05-03</subfield>
    <subfield code="w">2018-02-20</subfield>
    <subfield code="y">02</subfield>
  </datafield>
  <datafield tag="952" ind1=" " ind2=" ">
    <subfield code="0">0</subfield>
    <subfield code="1">0</subfield>
    <subfield code="2">ddc</subfield>
    <subfield code="4">0</subfield>
    <subfield code="7">0</subfield>
    <subfield code="a">11</subfield>
    <subfield code="b">11</subfield>
    <subfield code="d">2018-02-20</subfield>
    <subfield code="e">BANSAL BOOK DISTRIBUTOR GHAZIABAD</subfield>
    <subfield code="g">725.00</subfield>
    <subfield code="l">0</subfield>
    <subfield code="p">11-B-4347</subfield>
    <subfield code="r">2018-02-20</subfield>
    <subfield code="w">2018-02-20</subfield>
    <subfield code="y">02</subfield>
  </datafield>
  <datafield tag="952" ind1=" " ind2=" ">
    <subfield code="0">0</subfield>
    <subfield code="1">0</subfield>
    <subfield code="2">ddc</subfield>
    <subfield code="4">0</subfield>
    <subfield code="7">0</subfield>
    <subfield code="a">11</subfield>
    <subfield code="b">11</subfield>
    <subfield code="d">2018-02-20</subfield>
    <subfield code="e">BANSAL BOOK DISTRIBUTOR GHAZIABAD</subfield>
    <subfield code="g">725.00</subfield>
    <subfield code="l">0</subfield>
    <subfield code="p">11-B-4348</subfield>
    <subfield code="r">2018-02-20</subfield>
    <subfield code="w">2018-02-20</subfield>
    <subfield code="y">02</subfield>
  </datafield>
  <datafield tag="952" ind1=" " ind2=" ">
    <subfield code="0">0</subfield>
    <subfield code="1">0</subfield>
    <subfield code="2">ddc</subfield>
    <subfield code="4">0</subfield>
    <subfield code="7">0</subfield>
    <subfield code="a">11</subfield>
    <subfield code="b">11</subfield>
    <subfield code="d">2018-02-20</subfield>
    <subfield code="e">BANSAL BOOK DISTRIBUTOR GHAZIABAD</subfield>
    <subfield code="g">725.00</subfield>
    <subfield code="l">0</subfield>
    <subfield code="p">11-B-4349</subfield>
    <subfield code="r">2018-02-20</subfield>
    <subfield code="w">2018-02-20</subfield>
    <subfield code="y">02</subfield>
  </datafield>
  <datafield tag="952" ind1=" " ind2=" ">
    <subfield code="0">0</subfield>
    <subfield code="1">0</subfield>
    <subfield code="2">ddc</subfield>
    <subfield code="4">0</subfield>
    <subfield code="7">0</subfield>
    <subfield code="a">11</subfield>
    <subfield code="b">11</subfield>
    <subfield code="d">2018-02-20</subfield>
    <subfield code="e">BANSAL BOOK DISTRIBUTOR GHAZIABAD</subfield>
    <subfield code="g">725.00</subfield>
    <subfield code="l">0</subfield>
    <subfield code="p">11-B-4350</subfield>
    <subfield code="r">2018-02-20</subfield>
    <subfield code="w">2018-02-20</subfield>
    <subfield code="y">02</subfield>
  </datafield>
  <datafield tag="952" ind1=" " ind2=" ">
    <subfield code="0">0</subfield>
    <subfield code="1">0</subfield>
    <subfield code="2">ddc</subfield>
    <subfield code="4">0</subfield>
    <subfield code="7">0</subfield>
    <subfield code="a">11</subfield>
    <subfield code="b">11</subfield>
    <subfield code="d">2018-02-20</subfield>
    <subfield code="e">BANSAL BOOK DISTRIBUTOR GHAZIABAD</subfield>
    <subfield code="g">725.00</subfield>
    <subfield code="l">0</subfield>
    <subfield code="p">11-B-4351</subfield>
    <subfield code="r">2018-02-20</subfield>
    <subfield code="w">2018-02-20</subfield>
    <subfield code="y">02</subfield>
  </datafield>
  <datafield tag="952" ind1=" " ind2=" ">
    <subfield code="0">0</subfield>
    <subfield code="1">0</subfield>
    <subfield code="2">ddc</subfield>
    <subfield code="4">0</subfield>
    <subfield code="7">0</subfield>
    <subfield code="a">11</subfield>
    <subfield code="b">11</subfield>
    <subfield code="d">2018-02-20</subfield>
    <subfield code="e">BANSAL BOOK DISTRIBUTOR GHAZIABAD</subfield>
    <subfield code="g">725.00</subfield>
    <subfield code="l">0</subfield>
    <subfield code="p">11-B-4352</subfield>
    <subfield code="r">2018-02-20</subfield>
    <subfield code="w">2018-02-20</subfield>
    <subfield code="y">02</subfield>
  </datafield>
</record>
